00826nam a2200205 a 4500001001000000005001700010008004100027020001500068050002200083245014300105260003900248300004200287500008000329504003100409610005900440650003500499650003400534650002900568700002300597BRCA_142320190320203424.0031126s2004 txu#---##b---#000-0#eng-# a0870744895 4aNK4654b.G74 200410aGreek Vase PaintingbForm, Figure, and Narrative : Treasures of the National Archaeological Museum in Madridcedited by P. Gregory Warden. aDallasbMeadows Museum : SMUc2004 a168 p.bil. (algunas a color)c24 cm. aCatálogo de la exposición realizada en el Meadows Museum (Dallas), 2004 aBibliografía: p. 160-16824aMuseo Arqueológico Nacional (España)vExposiciones14aFloreros griegosvExposiciones14aArte griegoy(Edad de Hierro)14aArte etrusco e itálico1 aWarden, P. Gregory